Cuestiones actuales en la investigación de graves violaciones de Derechos Humanos (Registro nro. 2006)

Detalles MARC
000 -LEADER
fixed length control field 01849 a2200229 4500
001 - CONTROL NUMBER
control field 30079
005 - DATE AND TIME OF LATEST TRANSACTION
control field 20260407155611.0
008 - FIXED-LENGTH DATA ELEMENTS--GENERAL INFORMATION
fixed length control field 260407a2014 arg spa d
003 - CONTROL NUMBER IDENTIFIER
control field AR-UNSa-BCEJYS
040 ## - CATALOGING SOURCE
Original cataloging agency AR-UNSa-BCEJYS
Language of cataloging spa
Transcribing agency AR-UNSa-BCEJYS
080 ## - UNIVERSAL DECIMAL CLASSIFICATION NUMBER
Universal Decimal Classification number 342.7
Common auxiliary subdivision Derechos fundamentales. Derechos humanos. Derechos y deberes de los ciudadanos (Derecho a la Salud, vivienda)
020 ## - INTERNATIONAL STANDARD BOOK NUMBER
International Standard Book Number 978-987-3720-06-2
041 ## - LANGUAGE CODE
Language code of text/sound track or separate title spa
100 1# - MAIN ENTRY--PERSONAL NAME
Personal name Rey, Sebastián Alejandro
245 10 - TITLE STATEMENT
Title Cuestiones actuales en la investigación de graves violaciones de Derechos Humanos
264 #1 - PRODUCTION, PUBLICATION, DISTRIBUTION, MANUFACTURE, AND COPYRIGHT NOTICE
Place of production, publication, distribution, manufacture Buenos Aires :
Name of producer, publisher, distributor, manufacturer Ministerio de Justicia y Derechos Humanos de la Nación
Date of production, publication, distribution, manufacture, or copyright notice 2014
300 ## - PHYSICAL DESCRIPTION
Extent xiii, 176 p.
Dimensions 23 cm.
505 ## - FORMATTED CONTENTS NOTE
Formatted contents note 1. Aspectos de la teoría de la empresa criminal común en la jurisprudencia del Tribunal Penal Internacional para la ex-Yugoslavia - 2. El Tribunal Penal Internacional de la ex-Yugoslavia y el caso Perisic - 3. Influencia de la Jurisprudencia del Tribunal Penal Internacional para la ex-Yugoslavia. Sentencias que condenaron en nuestro país al delito de violación como crimen de lesa humanidad - 4. Nota sobre el jusgamiento de la criminalidad económica de la última dictadura militar en Argentina - 5. Comentario al caso Perisic del Tribunal Penal Internacional para la ex-Yugoslavia - 6. La participación criminal de comandantes en genocidios, crímenes de guerra y delitos de lesa humanidad. El caso Perisic (TPIY) y una inadecuada conclusión dogmática - 7. Las inmunidades de los magistrados y la obligación estatal de investigar y juzgar los crímenes contra la humanidad
590 ## - LOCAL NOTE (RLIN)
Local note niveau_biblio:m niveau_hierar:0
856 41 - ELECTRONIC LOCATION AND ACCESS
Uniform Resource Identifier <a href="https://biblioeco.unsa.edu.ar/pmb/images/libros/Cuestiones Actuales en la Investigacion de Graves Violaciones de Derechos Humanos-l125113.jpg">https://biblioeco.unsa.edu.ar/pmb/images/libros/Cuestiones Actuales en la Investigacion de Graves Violaciones de Derechos Humanos-l125113.jpg</a>
Link text Imagen de portada
Electronic format type image/jpeg
942 ## - ADDED ENTRY ELEMENTS (KOHA)
Koha item type
Existencias
Withdrawn status Lost status Damaged status Not for loan Home library Current library Shelving location Date acquired Total checkouts Full call number Barcode Date last seen Price effective from Koha item type
        Biblioteca Prof. Eusebio Cleto del Rey Biblioteca Prof. Eusebio Cleto del Rey   07/04/2026   342.7 R456 L125113 07/04/2026 07/04/2026 Libro